ضريبة الدخل / (رقم التسجيلة. 89906)
[ عرض عادي ]
| 000 -LEADER | |
|---|---|
| fixed length control field | 00439nam a22001577a 4500 |
| 005 - DATE AND TIME OF LATEST TRANSACTION | |
| control field | 20251108172838.0 |
| 008 - FIXED-LENGTH DATA ELEMENTS--GENERAL INFORMATION | |
| fixed length control field | 250721s1974 xx 000 0 ara d |
| 082 14 - DEWEY DECIMAL CLASSIFICATION NUMBER | |
| Classification number | 657.46/صاد |
| 100 1# - MAIN ENTRY--PERSONAL NAME | |
| Personal name | الحسني، صادق محمد حسين |
| 245 10 - TITLE STATEMENT | |
| Title | ضريبة الدخل / |
| 264 1# - PRODUCTION, PUBLICATION, DISTRIBUTION, MANUFACTURE, AND COPYRIGHT NOTICE | |
| Place of production, publication, distribution, manufacture | بغداد : |
| Date of production, publication, distribution, manufacture, or copyright notice | 1974. |
| 300 ## - PHYSICAL DESCRIPTION | |
| Extent | 400ص |
| 490 0# - SERIES STATEMENT | |
| Series statement | دراسات في النحاسبة المتخصصة |
| 942 ## - ADDED ENTRY ELEMENTS (KOHA) | |
| Source of classification or shelving scheme | Dewey Decimal Classification |
| Koha item type | كتب |
| حالة السحب | حالة الفقدان | مصدر التصنيف | حالة التلف | غير قابل للإعارة | المكتبة الرئيسية | المكتبة الحالية | موقع الرف | تاريخ التزويد | الرقم المتسلسل | Total Checkouts | رقم الإستدعاء | الباركود | تاريخ آخر ظهور | تاريخ الفاتورة | نوع المادة (كوها) |
|---|---|---|---|---|---|---|---|---|---|---|---|---|---|---|---|
| Dewey Decimal Classification | المكتبة المركزية | المكتبة المركزية | الإعارة | 28/07/2025 | 63428 | 657.46/صاد | 63428 | 28/07/2025 | 28/07/2025 | كتب |